Music Quiz

Random Music or Song Quiz

Simultaneous Songs [Clips] Quiz Stats

 Plays Quiz not verified by Sporcle

Support Sporcle.
Go Orange.
Score 0/38 Timer 10:00
0 Plays Today
Time Song % Correct
1:28-1:35Sweet Home Alabama
88.9%
1:12-1:19What a Wonderful World
87.7%
0:48-0:55Toxic
87.3%
2:00-2:07Beat It
85.1%
0:00-0:07Paint It Black
82.9%
1:52-1:59Crazy
82.5%
0:16-0:23Brown Eyed Girl
76.3%
1:36-1:43Let it Snow
75.6%
2:00-2:0799 Luftballons
73.8%
0:24-0:31Thank You
73%
0:56-1:03Song 2
70.9%
2:24-2:31Eleanor Rigby
70.7%
0:48-0:55Baba O'Riley
70.4%
2:16-2:23Born to Be Wild
66.9%
2:24-2:31Empire State of Mind
65.7%
1:12-1:19Where is the Love?
64.7%
1:52-1:59Hungry Like the Wolf
63.2%
0:08-0:15The Fresh Prince of Bel-Air
62.3%
1:36-1:43Born to Run
61.3%
Time Song % Correct
0:24-0:31London Calling
56.3%
2:08-2:15Can't Get You Out of My Head
53%
0:56-1:03(You Gotta) Fight for Your Right (to Party)
45.6%
0:40-0:47Just a Friend
45%
1:04-1:11Good Vibrations
41.2%
0:08-0:15Walk on the Wild Side
40.6%
0:32-0:39The Times They Are A-Changin'
38.5%
1:04-1:11Changes
35.8%
2:08-2:15Holding Out for a Hero
33.1%
0:32-0:39Green Onions
29.1%
1:44-1:51Raspberry Beret
27.6%
0:00-0:07The Passenger
24.8%
0:16-0:23Crosstown Traffic
24%
1:44-1:51(They Long to Be) Close to You
23.8%
0:40-0:47Fairytale of New York
17.4%
1:20-1:27My Baby Just Cares for Me
9.8%
1:28-1:35Way Down in the Hole
6.6%
2:16-2:23Mars, the Bringer of War
6%
1:20-1:27Danse Macabre
5%

You're not logged in!

Compare scores with friends on all Sporcle quizzes.
OR
Log In

From the Vault

Famous Paintings Close-Up

by babymonkee

Even zoomed in, these paintings are incredible.
Remove Ads.
Support Sporcle.
Get the best of Sporcle when you Go Orange. This ad-free experience offers more features, more stats, and more fun while also helping to support Sporcle. Thank you for becoming a member.

Show Comments

Extras

Top Quizzes Today


Score Distribution

Your Account Isn't Verified!

In order to create a playlist on Sporcle, you need to verify the email address you used during registration. Go to your Sporcle Settings to finish the process.

Report this User

Report this user for behavior that violates our Community Guidelines.

Details: